logo

Bir Sreshtho Munshi Abdur Rouf Library
Jhenaidah Cadet College

Cambridge Idioms Dictionary / (Record no. 5244)

MARC details
000 -LEADER
fixed length control field 01089cam a2200337 a 4500
001 - CONTROL NUMBER
JCCL Control Number 5244
003 - CONTROL NUMBER IDENTIFIER
JCCL marc code BD-JhCC
005 - DATE AND TIME OF LATEST TRANSACTION
control field 20171211164743.0
008 - FIXED-LENGTH DATA ELEMENTS--GENERAL INFORMATION
fixed length control field 171212s2006 enk d 000 0 eng d
020 ## - INTERNATIONAL STANDARD BOOK NUMBER
International Standard Book Number 9780521860376
020 ## - INTERNATIONAL STANDARD BOOK NUMBER
International Standard Book Number 0521860377
020 ## - INTERNATIONAL STANDARD BOOK NUMBER
International Standard Book Number 9780521677691
020 ## - INTERNATIONAL STANDARD BOOK NUMBER
International Standard Book Number 0521677696
035 ## - SYSTEM CONTROL NUMBER
system control number (BD-JhCC)5244
040 ## - CATALOGING SOURCE
Original cataloging agency DLC
Transcribing agency DLC
Modifying agency UKM
-- BAKER
-- BWKUK
-- YDXCP
-- OCLCQ
-- DLC
-- UkCU
-- BD-JhCC
041 ## - LANGUAGE CODE
Language code of Book eng
050 00 - LIBRARY OF CONGRESS CALL NUMBER
Classification number PE1460
Item number .C25 2006
082 00 - DEWEY DECIMAL CLASSIFICATION NUMBER
Classification number 423.13
DDC Edition number 22
Author mark and Year CAM 2006
245 00 - TITLE STATEMENT
Title Cambridge Idioms Dictionary /
Statement of responsibility, etc Cambridge University Press.
246 30 - VARYING FORM OF TITLE
Title proper/short title Idioms dictionary
250 ## - EDITION STATEMENT
Edition statement 2nd ed.
260 ## - PUBLICATION, DISTRIBUTION, ETC. (IMPRINT)
Place of publication, distribution, etc Cambridge, UK :
-- New York :
Name of publisher, distributor, etc Cambridge University Press,
Date of publication, distribution, etc 2006.
300 ## - PHYSICAL DESCRIPTION
Pagination xv, 505 p. ;
Dimensions 21 cm.
500 ## - GENERAL NOTE
General note Rev. ed. of: Cambridge international dictionary of idioms. 1998.
650 #0 - SUBJECT ADDED ENTRY--TOPICAL TERM
Topical term or geographic name as entry element English language
General subdivision Idioms
Form subdivision Dictionaries.
650 #0 - SUBJECT ADDED ENTRY--TOPICAL TERM
Topical term or geographic name as entry element English language
Form subdivision Conversation and phrase books.
710 2# - ADDED ENTRY--CORPORATE NAME
Corporate name or jurisdiction name as entry element Cambridge University Press.
730 0# - ADDED ENTRY--UNIFORM TITLE
Uniform title Cambridge international dictionary of idioms.
942 ## - ADDED ENTRY ELEMENTS (KOHA)
Source of classification or shelving scheme Dewey Decimal Classification
Koha item type Books
Holdings
Source of classification or shelving scheme Damaged status Not for loan Home library Current library Shelving location Date of accession Total Checkouts Full call number Barcode Date last seen Copy number Koha item type
Dewey Decimal Classification   Not For Loan JCC Rouf Library JCC Rouf Library General Stacks 12/11/2017   423.13 CAM 2006 7252 12/11/2017 C-1 Books

JCC Library | Contacts | JCC Home

Last Update on 23 September 2017
Copyright @ 2017-2020 JCC Rouf Library
Rouf Library, Jhenidah Cadet College (JCC), Bangladesh